000 00428nam a22001337a 4500
999 _c67433
_d67430
100 _aNabi Bux Bhatti
_a17MSIT12
245 _aAssessment of a Mobile Commerce Application Using Usability Testing Methodology
260 _aNawabshah
_bQuest
_c2021
300 _a26p.
650 _aMaster of Science in Information Science
700 _aDepartment of Information Science
856 _uhttps://tinyurl.com/2sfu8zf3
942 _cTHESIS